000 00814nam a2200265Ia 4500
001 Para_7139
003 CHAP
008 220125s1973 xx 000 0 und d
010 _a206025
040 _cCHAP
082 _aPA 634.35 I5
111 _aInternational Citrus Short Course Citrus Rootstocks (1: 1973: Gainesville, Florida)
_9172160
245 _aProceedings /
_c by L.K. Jackson, A.H. Krezdorn y J. Soule, edits.
260 _aGainesville, Flo. :
_b University of Florida
300 _a176 p.
650 _aCitricos
_x congresos
_924414
700 _aJackson, L.K. / Krezdorn, A. H. / Soule, J.
_9172161
901 _aPA 634.35 I5
902 _aA
905 _a0000001973 0000000000 00
910 _a1973
942 _cPARA
942 _cPARA
_d1
999 _c206025
_d206025